00464nam a2200169 a 45000010005000000030009000050080041000140400028000550820016000831000021000992450024001202600044001443000010001884900025001986500036002236500035002594234CO-ViMGA141112s2004 ck r 000 u spa d aCO-ViMGAbspacCO-ViMGA04a923.1 N426m1 aNassie, Robert R10aNicolas y Alejandra aBuenos Aires : bJavier Vergara, c1983 a557 p aBiografia e historia14aNICOLAS II DE RUSIA 1868 - 191814aROMANOV, ALEJANDRA 1872 - 1918